[Event "Omaha Mednis Memorial"]
[Site "Omaha"]
[Date "2023.11.18"]
[Round "6"]
[White "Kretchetov, Alexandre"]
[Black "Torres Rosas, Luis Carlos"]
[Result "1/2-1/2"]
[WhiteElo "2129"]
[BlackElo "2310"]
[PlyCount "64"]
[EventDate "2023.11.15"]
[EventType "tourn"]
[EventRounds "9"]
[EventCountry "USA"]
[SourceTitle "CB47_2023"]
[SourceDate "2023.11.22"]
[SourceVersion "1"]
[SourceVersionDate "2023.11.22"]
[SourceQuality "1"]

1. Nf3 Nf6 2. c4 e6 3. Nc3 d5 4. d4 Be7 5. Bf4 0-0 6. e3 Nbd7 7. c5 Ne4 8. Rc1 c6 9. Bd3 f5 10. h3 Bf6 11. 0-0 b6 12. b4 Bb7 13. Ne2 a5 14. a3 axb4 15. axb4 bxc5 16. bxc5 Ba6 17. Rb1 Qc8 18. Bh2 Ra7 19. Qc2 Qa8 20. Nc1 Rc8 21. Bxa6 Rxa6 22. Nd3 Ra3 23. Nde5 Nxe5 24. Nxe5 Ra2 25. Rb2 Ra3 26. Nd7 Qa7 27. Ne5 h6 28. Rb6 Qa8 29. Nxc6 Ra2 30. Qd3 Ra3 31. Qc2 Ra2 32. Qd3 Ra3 1/2-1/2

[Event "Omaha Mednis Memorial"]
[Site "Omaha"]
[Date "2023.11.17"]
[Round "4"]
[White "Kretchetov, Alexandre"]
[Black "Xie, Bryan"]
[Result "1/2-1/2"]
[WhiteElo "2129"]
[BlackElo "2319"]
[PlyCount "39"]
[EventDate "2023.11.15"]
[EventType "tourn"]
[EventRounds "9"]
[EventCountry "USA"]
[SourceTitle "CB47_2023"]
[SourceDate "2023.11.22"]
[SourceVersion "1"]
[SourceVersionDate "2023.11.22"]
[SourceQuality "1"]

1. Nf3 d5 2. d4 Nf6 3. c4 dxc4 4. e3 e6 5. Bxc4 c5 6. 0-0 a6 7. b3 Nc6 8. Bb2 b5 9. Be2 Bb7 10. a4 b4 11. Nbd2 Be7 12. Rc1 cxd4 13. Nxd4 Nxd4 14. Bxd4 0-0 15. Nc4 Nd5 16. Bf3 Bf6 17. Bc5 Be7 18. Nb6 Bxc5 19. Nxd5 Be7 20. Nf4 1/2-1/2

[Event "Omaha Mednis Memorial"]
[Site "Omaha"]
[Date "2023.11.16"]
[Round "3"]
[White "Oberoi, Shelev"]
[Black "Kretchetov, Alexandre"]
[Result "1-0"]
[WhiteElo "2177"]
[BlackElo "2129"]
[PlyCount "81"]
[EventDate "2023.11.15"]
[EventType "tourn"]
[EventRounds "9"]
[EventCountry "USA"]
[SourceTitle "CB47_2023"]
[SourceDate "2023.11.22"]
[SourceVersion "1"]
[SourceVersionDate "2023.11.22"]
[SourceQuality "1"]

1. e4 e5 2. Nf3 Nc6 3. Nc3 Nf6 4. d4 exd4 5. Nxd4 Bb4 6. Nxc6 bxc6 7. Bd3 d5 8. Bd2 0-0 9. 0-0 Rb8 10. Re1 Re8 11. a3 Be7 12. e5 Nd7 13. b4 d4 14. Na4 c5 15. bxc5 g6 16. c6 Nc5 17. Nxc5 Bxc5 18. f4 Be6 19. Qf3 f5 20. exf6 Qxf6 21. f5 gxf5 22. Qg3+ Qg7 23. Bb4 Qxg3 24. hxg3 Bb6 25. Kh2 Bd5 26. Bxf5 Bxc6 27. Be7 Kf7 28. Bg5 Ba5 29. Rf1 Kg8 30. Bd3 Bb5 31. Rf5 Bxd3 32. cxd3 Bc3 33. Raf1 Rb6 34. Bf6 h6 35. R1f4 Kh7 36. Be5 Re7 37. Rf7+ Rxf7 38. Rxf7+ Kg6 39. Rxc7 a5 40. g4 Rb3 41. Rg7# 1-0

[Event "Sunnyvale 1000-B 09"]
[Site "Sunnyvale"]
[Date "2023.09.17"]
[Round "4"]
[White "Karthi, Jashith"]
[Black "Kretchetov, Alexandre"]
[Result "0-1"]
[WhiteElo "2026"]
[BlackElo "2119"]
[PlyCount "176"]
[EventDate "2023.09.16"]
[EventType "schev"]
[EventRounds "5"]
[EventCountry "USA"]
[SourceTitle "EXT 2024"]
[Source "ChessBase"]
[SourceDate "2023.10.10"]
[SourceVersion "1"]
[SourceVersionDate "2023.10.10"]
[SourceQuality "1"]

1. d4 Nf6 2. c4 c6 3. Nf3 g6 4. Nc3 Bg7 5. Bg5 h6 6. Bh4 d6 7. e3 g5 8. Bg3 Nh5 9. Be2 Nxg3 10. hxg3 e6 11. Qc2 0-0 12. 0-0-0 f5 13. Nd2 Na6 14. a3 Qe7 15. f4 e5 16. dxe5 dxe5 17. fxg5 Qxg5 18. Nf1 Nc5 19. Rh5 Qg6 20. b4 Nd7 21. g4 Nf6 22. gxf5 Qh7 23. e4 Nxh5 24. Bxh5 Bf6 25. Bg6 Qe7 26. Kb2 a5 27. Qb3 axb4 28. axb4 Kh8 29. Ne3 Bg5 30. Nc2 Rd8 31. Rxd8+ Qxd8 32. c5 Qe7 33. Na4 Bd7 34. Nb6 Rf8 35. Nc4 Be8 36. Bxe8 Rxe8 37. Nd6 Rg8 38. Qf3 b6 39. f6 Qxf6 40. Qxf6+ Bxf6 41. cxb6 Rb8 42. Nc4 Bd8 43. Kc3 Bxb6 44. Nxe5 Re8 45. Nc4 Bc7 46. Kd3 h5 47. Nd4 Rg8 48. Nxc6 Rxg2 49. e5 Rg6 50. Nd4 h4 51. Nf3 h3 52. Ne3 Rg3 53. Ke2 Bxe5 54. Kf2 Bb8 55. Nh2 Rg5 56. Nhg4 Ba7 57. Kg3 Bxe3 58. Kxh3 Bd2 59. Kh4 Rb5 60. Kg3 Rxb4 61. Kf3 Kg7 62. Ne5 Kf6 63. Nd3 Rc4 64. Ke2 Bg5 65. Kf3 Kf5 66. Nf2 Rc3+ 67. Kg2 Bh4 68. Nh3 Kg4 69. Ng1 Rc2+ 70. Kf1 Bg3 71. Ne2 Rd2 72. Ng1 Kf4 73. Ne2+ Kf3 74. Ng1+ Ke3 75. Nh3 Bh4 76. Kg1 Kf3 77. Kh1 Rd1+ 78. Ng1+ Kf2 79. Kh2 Rxg1 80. Kh3 Kf3 81. Kxh4 Rg8 82. Kh5 Kf4 83. Kh6 Kf5 84. Kh7 Rg1 85. Kh8 Kf6 86. Kh7 Rh1+ 87. Kg8 Rh2 88. Kf8 Rh8# 0-1

[Event "Sunnyvale 1000-B 09"]
[Site "Sunnyvale"]
[Date "2023.09.16"]
[Round "1"]
[White "Shi, Roger V"]
[Black "Kretchetov, Alexandre"]
[Result "0-1"]
[WhiteElo "2038"]
[BlackElo "2119"]
[PlyCount "52"]
[EventDate "2023.09.16"]
[EventType "schev"]
[EventRounds "5"]
[EventCountry "USA"]
[SourceTitle "EXT 2024"]
[Source "ChessBase"]
[SourceDate "2023.10.10"]
[SourceVersion "1"]
[SourceVersionDate "2023.10.10"]
[SourceQuality "1"]

1. e4 c6 2. d4 g6 3. Nc3 d5 4. e5 Bg7 5. Nf3 Bg4 6. h3 Bxf3 7. Qxf3 e6 8. Bd3 a6 9. Ne2 c5 10. c3 Nc6 11. 0-0 cxd4 12. cxd4 Qb6 13. Rd1 Nge7 14. b3 0-0 15. Ba3 Nb4 16. Bb2 f6 17. Qg3 fxe5 18. dxe5 Nxd3 19. Rxd3 Nf5 20. Qg4 Rac8 21. Rd2 Bh6 22. Bd4 Qb4 23. Rd3 Rc2 24. Rad1 Rxa2 25. Nf4 Bxf4 26. Bc3 Qe4 0-1

[Event "Sunnyvale Silicon Valley Fall op"]
[Site "Sunnyvale"]
[Date "2023.09.02"]
[Round "5"]
[White "Ghazaryan, Raffi"]
[Black "Kretchetov, Alexandre"]
[Result "1/2-1/2"]
[WhiteElo "2084"]
[BlackElo "2119"]
[PlyCount "84"]
[EventDate "2023.08.31"]
[EventType "swiss"]
[EventRounds "9"]
[EventCountry "USA"]
[SourceTitle "EXT 2024"]
[Source "ChessBase"]
[SourceDate "2023.10.10"]
[SourceVersion "1"]
[SourceVersionDate "2023.10.10"]
[SourceQuality "1"]

1. e4 e5 2. Nf3 Nc6 3. Bb5 g6 4. c3 a6 5. Ba4 d6 6. d4 Bd7 7. 0-0 Bg7 8. h3 Nf6 9. Nbd2 0-0 10. Re1 exd4 11. cxd4 Nb4 12. Bxd7 Qxd7 13. Qb3 a5 14. a3 Nc6 15. d5 Ne7 16. Nf1 a4 17. Qc2 c6 18. dxc6 bxc6 19. Be3 d5 20. Rad1 Qb7 21. exd5 cxd5 22. Bd4 Rfc8 23. Qd3 Nf5 24. Be5 Ra5 25. g4 Ne7 26. Ng3 Raa8 27. Nd4 Nc6 28. Nxc6 Qxc6 29. g5 Nd7 30. Bxg7 Kxg7 31. Qxd5 Qxd5 32. Rxd5 Nb6 33. Rb5 Nc4 34. Rc1 Nd2 35. Rxc8 Rxc8 36. Rb4 Rc4 37. Rb5 h6 38. gxh6+ Kxh6 39. Kg2 Rc2 40. Rb4 Nc4 41. Rxa4 Nxb2 42. Rd4 Rc3 1/2-1/2

[Event "Sunnyvale Silicon Valley Fall op"]
[Site "Sunnyvale"]
[Date "2023.08.31"]
[Round "1"]
[White "Kretchetov, Alexandre"]
[Black "Escalante Ramirez, Brian Sebastian"]
[Result "0-1"]
[WhiteElo "2119"]
[BlackElo "2494"]
[PlyCount "96"]
[EventDate "2023.08.31"]
[EventType "swiss"]
[EventRounds "9"]
[EventCountry "USA"]
[SourceTitle "EXT 2024"]
[Source "ChessBase"]
[SourceDate "2023.10.10"]
[SourceVersion "1"]
[SourceVersionDate "2023.10.10"]
[SourceQuality "1"]

1. d4 e6 2. c4 d5 3. Nc3 Nf6 4. cxd5 exd5 5. Bg5 c6 6. e3 Bd6 7. Qc2 0-0 8. Bd3 h6 9. Bh4 Re8 10. Nf3 Be6 11. Bg3 Bxg3 12. hxg3 Nbd7 13. 0-0 Ng4 14. b4 Rc8 15. Rac1 Ndf6 16. Qb2 b6 17. Rc2 Qd7 18. Rfc1 Bf5 19. Bxf5 Qxf5 20. Nd1 Qd7 21. Nc3 Rb8 22. Qa3 Re6 23. Ne2 g5 24. Ne5 Rxe5 25. dxe5 Nxe5 26. Nd4 Rc8 27. Qa6 Ne4 28. Nf3 Nc4 29. Rxc4 dxc4 30. Qxc4 Nd2 31. Qc3 Nxf3+ 32. gxf3 c5 33. a3 c4 34. Rc2 b5 35. Rd2 Qe7 36. Qd4 a5 37. Qb6 axb4 38. axb4 c3 39. Rd1 c2 40. Rc1 Qxb4 41. Qxh6 Qc5 42. Kg2 g4 43. Qf4 gxf3+ 44. Qxf3 b4 45. e4 Qc3 46. Qg4+ Kf8 47. Qd7 b3 48. Qd6+ Kg8 0-1

[Event "Fort Lauderdale 1000 GM IM 08"]
[Site "Fort Lauderdale"]
[Date "2023.08.04"]
[Round "5"]
[White "Barrientos Chavarriaga, Sergio E"]
[Black "Kretchetov, Alexandre"]
[Result "1-0"]
[WhiteElo "2469"]
[BlackElo "2203"]
[PlyCount "63"]
[EventDate "2023.08.02"]
[EventType "tourn"]
[EventRounds "9"]
[EventCountry "USA"]
[SourceTitle "CBM 215 Extra"]
[Source "ChessBase"]
[SourceDate "2023.09.30"]
[SourceVersion "1"]
[SourceVersionDate "2023.09.30"]
[SourceQuality "1"]

1. d4 Nf6 2. c4 e6 3. Nf3 Bb4+ 4. Nbd2 0-0 5. g3 d5 6. Bg2 dxc4 7. 0-0 c3 8. bxc3 Bxc3 9. Rb1 Bxd4 10. Nxd4 Qxd4 11. Bb2 Qd8 12. Qc2 Na6 13. Rfd1 Qe7 14. Qc3 Rb8 15. Ne4 b6 16. Nxf6+ Qxf6 17. Qxf6 gxf6 18. Bxf6 Bb7 19. Rd4 h5 20. Rh4 Kh7 21. e4 Kg6 22. e5 Bxg2 23. Kxg2 c5 24. g4 Nb4 25. Rxh5 Nd5 26. Rg5+ Kh6 27. Rb3 Nf4+ 28. Kg3 Ne2+ 29. Kh4 Rg8 30. Rh5+ Kg6 31. Rf3 c4 32. Rff5 1-0

[Event "Fort Lauderdale 1000 GM IM 08"]
[Site "Fort Lauderdale"]
[Date "2023.08.04"]
[Round "4"]
[White "Kretchetov, Alexandre"]
[Black "Campos Jimenez, Augusto Cesar"]
[Result "0-1"]
[WhiteElo "2203"]
[BlackElo "2291"]
[PlyCount "62"]
[EventDate "2023.08.02"]
[EventType "tourn"]
[EventRounds "9"]
[EventCountry "USA"]
[SourceTitle "CBM 215 Extra"]
[Source "ChessBase"]
[SourceDate "2023.09.30"]
[SourceVersion "1"]
[SourceVersionDate "2023.09.30"]
[SourceQuality "1"]

1. d4 Nf6 2. Bf4 g6 3. Nc3 d5 4. e3 Bg7 5. h4 h5 6. Be2 0-0 7. Nf3 c5 8. Ne5 Nc6 9. Qd2 cxd4 10. exd4 Bf5 11. a3 Rc8 12. f3 a6 13. Nxc6 Rxc6 14. Be5 Qa5 15. Bd3 Bxd3 16. Qxd3 Rfc8 17. 0-0 e6 18. Rac1 Ne8 19. Bxg7 Nxg7 20. Ne2 Qc7 21. c3 Nf5 22. g4 Nxh4 23. Qe3 Kg7 24. Qf2 Qe7 25. Nf4 Rh8 26. Qg3 Qg5 27. Qf2 hxg4 28. fxg4 e5 29. dxe5 Rc4 30. Qg3 Nf5 31. Qf3 Rh4 0-1

[Event "Fort Lauderdale 1000 GM IM 08"]
[Site "Fort Lauderdale"]
[Date "2023.08.03"]
[Round "3"]
[White "Zaloznyy, Mike"]
[Black "Kretchetov, Alexandre"]
[Result "1/2-1/2"]
[WhiteElo "2172"]
[BlackElo "2203"]
[PlyCount "40"]
[EventDate "2023.08.02"]
[EventType "tourn"]
[EventRounds "9"]
[EventCountry "USA"]
[SourceTitle "CBM 215 Extra"]
[Source "ChessBase"]
[SourceDate "2023.09.30"]
[SourceVersion "1"]
[SourceVersionDate "2023.09.30"]
[SourceQuality "1"]

1. Nf3 Nf6 2. b3 g6 3. Bb2 Bg7 4. g3 b6 5. Bg2 Bb7 6. 0-0 0-0 7. c4 d6 8. d4 Nbd7 9. e3 Re8 10. Qe2 e5 11. dxe5 dxe5 12. Rd1 e4 13. Ne5 Qe7 14. Nxd7 Nxd7 15. Nc3 Nc5 16. Nd5 Bxd5 17. Rxd5 c6 18. Rdd1 f5 19. Bd4 Rad8 20. Bb2 Rb8 1/2-1/2

[Event "Titled Tuesday intern op 18th Jul Late"]
[Site "Chess.com INT"]
[Date "2023.07.18"]
[Round "2"]
[White "Kretchetov, Alexandre"]
[Black "Rodriguez Santiago, Jaime"]
[Result "1-0"]
[WhiteElo "2216"]
[BlackElo "2020"]
[PlyCount "71"]
[EventDate "2023.07.18"]
[EventType "swiss (blitz)"]
[EventRounds "11"]
[EventCountry "USA"]
[SourceTitle "EXT 2024"]
[Source "ChessBase"]
[SourceDate "2023.10.10"]
[SourceVersion "1"]
[SourceVersionDate "2023.10.10"]
[SourceQuality "1"]

1. d4 Nf6 2. c4 e6 3. Nc3 Bb4 4. Qc2 0-0 5. Bg5 d5 6. cxd5 exd5 7. e3 c5 8. dxc5 d4 9. 0-0-0 Bxc3 10. bxc3 Qa5 11. Bxf6 gxf6 12. cxd4 Nc6 13. Bc4 b5 14. Bb3 Nb4 15. Qd2 Bf5 16. Qb2 Nd3+ 17. Rxd3 Bxd3 18. Nf3 Bc4 19. Rd1 Qc7 20. h3 a5 21. Nd2 Be6 22. Ne4 Bxb3 23. axb3 Qe7 24. d5 Qxe4 25. Rd4 Qe5 26. d6 Qxc5+ 27. Kb1 Qf5+ 28. Ka2 Rfd8 29. Rg4+ Kf8 30. e4 Qe6 31. Qd2 Rxd6 32. Qh6+ Ke7 33. e5 Rd2+ 34. Qxd2 a4 35. exf6+ Ke8 36. Rg8# 1-0

[Event "Las Vegas 1000 GM op"]
[Site "Las Vegas"]
[Date "2023.06.11"]
[Round "6"]
[White "Kavutskiy, Konstantin"]
[Black "Kretchetov, Alexandre"]
[Result "1/2-1/2"]
[WhiteElo "2414"]
[BlackElo "2186"]
[PlyCount "75"]
[EventDate "2023.06.08"]
[EventType "swiss"]
[EventRounds "9"]
[EventCountry "USA"]
[SourceTitle "CBM 214 Extra"]
[Source "ChessBase"]
[SourceDate "2023.07.31"]
[SourceVersion "1"]
[SourceVersionDate "2023.07.31"]
[SourceQuality "1"]

1. d4 Nf6 2. c4 d6 3. Nc3 Nbd7 4. e4 e5 5. Nf3 Be7 6. Be2 0-0 7. 0-0 c6 8. Re1 Qc7 9. h3 a6 10. Be3 b5 11. a3 Re8 12. Rc1 Qb8 13. b4 Bb7 14. cxb5 cxb5 15. d5 Bc8 16. a4 bxa4 17. Qxa4 Bd8 18. Nd2 a5 19. Ra1 Nb6 20. Qb3 axb4 21. Qxb4 Nbd7 22. Qxb8 Rxb8 23. Nb5 Be7 24. Na7 Bf8 25. Nc6 Rb7 26. f3 Nc5 27. Bxc5 dxc5 28. Ba6 Rb2 29. Nc4 Rc2 30. N6xe5 Bxa6 31. Rxa6 Nxd5 32. exd5 Rxc4 33. Nxc4 Rxe1+ 34. Kf2 Rd1 35. Ne3 Rd2+ 36. Kg3 g6 37. Ra8 Kg7 38. Ra6 1/2-1/2

[Event "Titled Tuesday intern op 21st Mar Late"]
[Site "Chess.com INT"]
[Date "2023.03.21"]
[Round "1"]
[White "Kretchetov, Alexandre"]
[Black "Bok, Benjamin"]
[Result "0-1"]
[WhiteElo "2195"]
[BlackElo "2607"]
[PlyCount "56"]
[EventDate "2023.03.21"]
[EventType "swiss (blitz)"]
[EventRounds "11"]
[EventCountry "USA"]
[SourceTitle "EXT 2024"]
[Source "ChessBase"]
[SourceDate "2023.10.10"]
[SourceVersion "1"]
[SourceVersionDate "2023.10.10"]
[SourceQuality "1"]

1. d4 Nf6 2. c4 e6 3. Nc3 Bb4 4. Qc2 d5 5. cxd5 exd5 6. Bg5 h6 7. Bh4 Nc6 8. e3 g5 9. Bg3 h5 10. Bb5 h4 11. Be5 0-0 12. Bxc6 bxc6 13. a3 Bxc3+ 14. bxc3 Ng4 15. Nf3 Qe7 16. h3 Nh6 17. 0-0 Bf5 18. Qa4 f6 19. Bh2 Qd7 20. Kh1 Rfb8 21. c4 Bd3 22. Rfc1 dxc4 23. Nd2 Rb2 24. Nxc4 Rxf2 25. Rg1 Be4 26. Raf1 Rxf1 27. Rxf1 Qxh3 28. Qc2 Ng4 0-1

[Event "Titled Tuesday intern op 7th Mar Late"]
[Site "Chess.com INT"]
[Date "2023.03.07"]
[Round "6"]
[White "Fernandez Guillen, Ernesto J"]
[Black "Kretchetov, Alexandre"]
[Result "1-0"]
[WhiteElo "2453"]
[BlackElo "2195"]
[PlyCount "95"]
[EventDate "2023.03.07"]
[EventType "swiss (blitz)"]
[EventRounds "11"]
[EventCountry "USA"]
[SourceTitle "EXT 2024"]
[Source "ChessBase"]
[SourceDate "2023.10.10"]
[SourceVersion "1"]
[SourceVersionDate "2023.10.10"]
[SourceQuality "1"]

1. e4 c6 2. d4 d5 3. e5 Bf5 4. c3 e6 5. Bd3 Bxd3 6. Qxd3 Qb6 7. Ne2 c5 8. 0-0 Nc6 9. Nd2 cxd4 10. cxd4 Nge7 11. Nf3 Nf5 12. g4 Nfe7 13. a3 h5 14. h3 Rc8 15. b4 a5 16. b5 Na7 17. a4 Ng6 18. Kg2 Be7 19. Be3 Rc4 20. Rfc1 Rxc1 21. Rxc1 Kd7 22. Bd2 hxg4 23. hxg4 Rc8 24. Rxc8 Nxc8 25. Qc3 Bb4 26. Qc1 Bxd2 27. Qxd2 Qd8 28. Ng5 Ke8 29. f4 Nb6 30. Kg3 Nc4 31. Qd3 Qe7 32. Ng1 Qb4 33. N1f3 Qxa4 34. Nxe6 Ne7 35. Nxg7+ Kd8 36. Nf5 Qa1 37. Nxe7 Kxe7 38. Qf5 Qc3 39. Qf6+ Ke8 40. e6 fxe6 41. Qxe6+ Kf8 42. Qc8+ Kg7 43. g5 Qd3 44. Qxb7+ Kg8 45. Qxd5+ Kf8 46. Qd8+ Kg7 47. Qf6+ Kg8 48. g6 1-0

[Event "Titled Tuesday intern op 7th Mar Late"]
[Site "Chess.com INT"]
[Date "2023.03.07"]
[Round "10"]
[White "Goltseva, Ekaterina"]
[Black "Kretchetov, Alexandre"]
[Result "1/2-1/2"]
[WhiteElo "2283"]
[BlackElo "2195"]
[PlyCount "78"]
[EventDate "2023.03.07"]
[EventType "swiss (blitz)"]
[EventRounds "11"]
[EventCountry "USA"]
[SourceTitle "EXT 2024"]
[Source "ChessBase"]
[SourceDate "2023.10.10"]
[SourceVersion "1"]
[SourceVersionDate "2023.10.10"]
[SourceQuality "1"]

1. d4 d5 2. Nf3 Nf6 3. g3 e6 4. Bg2 b5 5. a4 b4 6. 0-0 Bb7 7. c3 bxc3 8. Nxc3 Nbd7 9. a5 a6 10. Na4 c5 11. dxc5 Nxc5 12. Nb6 Rb8 13. b4 Nce4 14. Bb2 Bd6 15. Qa4+ Ke7 16. Nd4 Qe8 17. Qa3 Nd7 18. Rfc1 Nxb6 19. axb6 Qd7 20. Qa5 Rhc8 21. b5 Ra8 22. Rxc8 Qxc8 23. Qe1 axb5 24. Nxb5 Rxa1 25. Qxa1 Bc5 26. e3 f6 27. Bxe4 dxe4 28. Ba3 Kf7 29. Qc3 Qd7 30. Qxc5 Qd1+ 31. Kg2 Qf3+ 32. Kh3 e5 33. Nd6+ Kg6 34. Nxb7 Qh5+ 35. Kg2 Qf3+ 36. Kg1 Qd1+ 37. Kg2 Qf3+ 38. Kf1 Qd1+ 39. Kg2 Qf3+ 1/2-1/2

[Event "Titled Tuesday intern op 7th Mar Late"]
[Site "Chess.com INT"]
[Date "2023.03.07"]
[Round "4"]
[White "Kretchetov, Alexandre"]
[Black "Harsh, Suresh"]
[Result "1-0"]
[WhiteElo "2195"]
[BlackElo "2261"]
[PlyCount "129"]
[EventDate "2023.03.07"]
[EventType "swiss (blitz)"]
[EventRounds "11"]
[EventCountry "USA"]
[SourceTitle "EXT 2024"]
[Source "ChessBase"]
[SourceDate "2023.10.10"]
[SourceVersion "1"]
[SourceVersionDate "2023.10.10"]
[SourceQuality "1"]

1. d4 Nf6 2. c4 e6 3. Nc3 Bb4 4. Qc2 d5 5. cxd5 exd5 6. Bg5 c6 7. e3 0-0 8. Bd3 h6 9. Bh4 Re8 10. Nge2 Nbd7 11. 0-0 Nf8 12. h3 Bd6 13. Rae1 Be6 14. f3 c5 15. Bf2 Qd7 16. Bb5 Qc7 17. Bxe8 Rxe8 18. Nb5 Bh2+ 19. Kh1 Qa5 20. Kxh2 Qxb5 21. dxc5 Rc8 22. Rc1 N8d7 23. Nd4 Qa5 24. Nb3 Qc7+ 25. Bg3 Qd8 26. Qd2 h5 27. Kh1 Nf8 28. Nd4 Bd7 29. b4 Ng6 30. b5 h4 31. Bh2 Nh5 32. c6 bxc6 33. bxc6 Be8 34. Qf2 Qg5 35. f4 Qf6 36. Qf3 Ng3+ 37. Bxg3 hxg3 38. Qxg3 Ne7 39. c7 Bd7 40. Qg5 Qd6 41. f5 f6 42. Qf4 Qb6 43. Rf2 Ba4 44. Rd2 Bd7 45. Rdc2 Ba4 46. Rc3 Bd7 47. Qf2 Qd6 48. Qf4 Qb6 49. Kh2 Ba4 50. Ne6 Bd7 51. Nc5 Bxf5 52. Nb3 Be4 53. Nd4 Ng6 54. Qg3 Ne7 55. Rb3 Qa6 56. Rb8 Kf7 57. Rxc8 Qxc8 58. Qg4 f5 59. Qf4 Ng6 60. Qd6 f4 61. exf4 Nh4 62. Qd8 Qb7 63. c8Q Qb2 64. Qg8+ Kf6 65. Qce6# 1-0

[Event "Los Angeles 1000GM Inv 02"]
[Site "Los Angeles"]
[Date "2023.02.26"]
[Round "9"]
[White "Kretchetov, Alexandre"]
[Black "Corrales Jimenez, Fidel"]
[Result "0-1"]
[WhiteElo "2168"]
[BlackElo "2487"]
[PlyCount "76"]
[EventDate "2023.02.22"]
[EventType "tourn"]
[EventRounds "9"]
[EventCountry "USA"]
[SourceTitle "CBM 213 Extra"]
[Source "ChessBase"]
[SourceDate "2023.05.31"]
[SourceVersion "1"]
[SourceVersionDate "2023.05.31"]
[SourceQuality "1"]

1. Nf3 c5 2. c4 Nc6 3. d4 cxd4 4. Nxd4 Nf6 5. Nc3 e6 6. a3 Qb6 7. e3 Be7 8. Be2 0-0 9. 0-0 a6 10. b4 d6 11. Bb2 Bd7 12. Rc1 Rfd8 13. Qb3 Rac8 14. Rfd1 Ne5 15. Nf3 Nxf3+ 16. Bxf3 Bc6 17. e4 Qa7 18. a4 b6 19. b5 Ba8 20. a5 bxa5 21. Ra1 axb5 22. Nxb5 Qb8 23. Rxa5 Nxe4 24. Ra7 Bf8 25. Qa4 Bc6 26. Bd4 d5 27. Bxe4 dxe4 28. Ra5 Be8 29. Ba7 Qe5 30. Rxd8 Rxd8 31. Qa1 Bb4 32. h3 Qh5 33. Kh2 Rd1 34. Qa4 Bxa5 35. Qxa5 Qe5+ 36. g3 e3 37. Bxe3 Qe4 38. g4 Qf3 0-1